Find Five 'A' Things Quiz Stats

Quiz Updated Jul 5, 2016

Challenge
Share
Tweet
Embed
Score 0/50 Timer 05:00
32 Plays Today
% Correct
Afghanistan
97.4%
Albania
91.9%
Angola
87.2%
Azerbaijan
85.9%
Adam
85.8%
Aluminum
84.1%
Abel
83.9%
Arsenic
81.9%
Apple
81.7%
Andorra
81.7%
Adobe
80.7%
Aaron
78.4%
Argon
77.4%
Amazon
75.8%
Atlético Madrid
71.6%
Albus
71.3%
Antilles
70.6%
Azores
70%
Articulate!
67.5%
Andrew
66.6%
Arsenal
65.6%
Arthur
64.7%
Alamo
63.8%
Axis & Allies
63.6%
Aleutian
61.2%
% Correct
Auburn
61%
Alastor
59.6%
Abigail
57.1%
AMD
55.8%
Antietam
53.8%
Aragog
53.6%
Austerlitz
53.3%
Activision Blizzard
52.5%
Agincourt
50.7%
Adelphi
48.5%
Astatine
47.3%
Acquire
47.1%
Angelina
46.8%
Andrews
45.5%
Antimony
44.2%
Anderlecht
41.6%
Ajax
41.2%
Azusa Pacific
32.9%
Auxerre
29.4%
Åland
29.2%
Allen
24.4%
Andaman
21.4%
Actium
17.7%
Agricola
16.7%
Abalone
15.5%

You're not logged in!

Compare scores with friends on all Sporcle quizzes.
Sign Up with Email
OR
Log In

You Might Also Like...

Show Comments

Extras

Top Quizzes Today


Score Distribution

Your Account Isn't Verified!

In order to create a playlist on Sporcle, you need to verify the email address you used during registration. Go to your Sporcle Settings to finish the process.